00629nam a22002057a 4500010001300000020001500013035001300028037001800041040001200059082001600071100002000087245004600107260006100153270005800214300003000272505005700302650002200359650003100381650001100412 aA-540983 a8121505400 aA-540983 bCen Lib / Ret aDPLbEN a954.07bGUP aGupta, Hari Ram aHistory of the Sikhs /cby Hari Ram Gupta aNew DelhibMunshiram Manoharlal Publishers Pvt Ltdc1991 aPost Box 5715, 54 Rani Jhansi RoadbNew Delhie110055 av 5. ; ix, 630 b24cm(Hb) av. 5. The Sikh kingdom its rise and fall, 1799-1849  aSikhs -- History. aPunjab (India) -- History. aSikhs.